02003 a2200229 45000010006000000050017000060080041000230030015000640400040000790800022001192450226001410200022003672500012003892640043004013000019004445051013004630410008014761000028014846500082015128560095015946500084016894048220260407155659.0260407a2014 arg spa dAR-UNSa-BCEJYS aAR-UNSa-BCEJYSbspacAR-UNSa-BCEJYS a657xContabilidad10aNormas contables para entes cooperativospanálisis y aplicación de la Resolución Técnica Nº 24 de la FACPACE y sus normas complementarias (incluyendo la aplicación de las RT Nº 6,31,36 y 40 en estas entidades) a978-987-716-020-8 a2a. ed. 1aBuenos Aires :bOsmar D. Buyattic2014 a332 p.c22 cm. a1. El contexto normativo vigente para las cooperativas - 2. Conceptos previos e introductorios al estudio de las normas de la RT24 - 3. Normas comunes a todos los estados contables - 4. Estado de situación patrimonial - 5. Estado de resultados - 6. Estado de evolución del patrimonio neto - 7. Estado de flujo de efectivo - 8. Contenido de la información complementaria en los entes cooperativos - 9. Otras cuestiones contempladas por la RT 24 - 10. Normas de la Resolución 247/09 del INAES, complementarias de las de la RT 24 - 11. Caso práctico integral de aplicación de la RT 24 y otras normas que la complementan - 13. Prepación de estados contables en moneda homogénea en las cooperativas - 14. Aplicación del modelo de revalución en las cooperativas - 15. Medición contable de los títulos cooperativos de capitalización - 16. El balance social en las cooperativas - aplicación de la RT 36 - 17. RT 40: cambios en normas contables de exposición - 18. Cuestionario de repaso aspa1 aTorres, Carlos Federico aRESOLUCION TECNICA Nº 24 RESOLUCION TECNICA Nº 36 RESOLUCION TECNICA Nº 4041uhttps://biblioeco.unsa.edu.ar/pmb/images/libros/L125989.jpgyImagen de portadaqimage/jpeg a resolucion tecnica nº 24 resolucion tecnica nº 36 resolucion tecnica nº 40